Implementácia franšízingovej koncepcie podnikania diplomová práca

Salvato in:
Dettagli Bibliografici
Autore principale: Grejtáková, Elena
Ente Autore: Podnikovohospodárska fakulta EU so sídlom v Košiciach. Katedra manažmentu
Altri autori: Bobenič Hintošová, Aneta, 1979-
Natura: Libro
Lingua:slovacco
Pubblicazione: Košice 2015
Tags: Aggiungi Tag
Nessun Tag, puoi essere il primo ad aggiungerne!!

MARC

LEADER 00000nbm a2200000 4500
001 0202123
005 20170315090446.9
041 0 |a slo 
044 |a SK 
245 1 0 |a Implementácia franšízingovej koncepcie podnikania  |b diplomová práca  |c Elena Grejtáková ; školiteľ: Aneta Bobenič Hintošová 
264 1 |a Košice  |c 2015 
300 |a 110 s. 
100 1 |a Grejtáková, Elena 
700 1 |a Bobenič Hintošová, Aneta, 1979- 
710 2 |a Podnikovohospodárska fakulta EU so sídlom v Košiciach. Katedra manažmentu